Wszystkie smaki wódki SOPLICY - Statystyki

Ogólne statystyki
  • Ten quiz został rozwiązany 227 razy
  • Średni wynik to 7 z 23
Statystyki odpowiedzi
Smak % Poprawnych
Cytrynowa
91%
Malinowa
84%
Wiśniowa
83%
Pigwowa
73%
Truskawkowa
57%
Orzech Laskowy
47%
Śliwkowa
44%
Jabłkowa
43%
Kawowa
37%
Morelowa
33%
Jagodowa
26%
Mirabelkowa
20%
Czarna Porzeczka
18%
Orzech Włoski
16%
Żurawinowa
16%
Cytrynowa z Maliną
7%
Cytrynowa z Miętą
5%
Cytrynowa z Pigwą
5%
Cytrynowa z Miodem
5%
Orzech w Czekoladzie
4%
Wiśnia w Czekoladzie
3%
Cytrynowa z Czarnym Bzem
2%
Migdał z Karmelem
1%
Nie znaleziono quizów pasujących do podanych kryteriów
Rozkład punktacji
Procent ludzi z każdym wynikiem
Percentyl według liczby udzielonych odpowiedzi
Twoja historia wyników
Nie rozwiązałeś tego quizu